| 000 | 00478nam a2200181Ia 4500 | ||
|---|---|---|---|
| 008 | 230524s9999 xx 000 0 und d | ||
| 020 | _a9788181476425 | ||
| 082 |
_a681.2 _bZHA |
||
| 100 | _aFeng Zhao | ||
| 245 | 0 | _aWireless Sensor Networks: An Information Processing Approach | |
| 250 | _a1 | ||
| 260 |
_aNew Delhi _bElsevier _c2016 |
||
| 300 | _a"xvii,358p;" | ||
| 500 | _aQuantity Number: 51 | ||
| 650 | _aComputer Science | ||
| 700 | _aLeonidas Guibas | ||
| 942 | _cBK | ||
| 999 |
_c59332 _d59332 |
||